000 00728nas a2200229 4500
001 BR5400329
003 BR-BrBNA
005 20231205081948.0
007 ta
008 230509b bl.|||p| |||| 00| 00por d
040 _aBR-BrBNA
_bpor
_cBiblioteca Nacional de Agricultura
041 _a(Pt)
072 _aL73
100 1 _aCosta, M.D. de
245 1 _aIsosporose do cao - com a descricao de uma nova variedade (Isospora bigemina Stiles, 1891 bahiensis n. Var.)
650 _aCAO
650 _aCOCCIDIOSE
650 _aDOENCA ANIMAL
773 0 _tBoletim do Instituto Biologico da Bahia (Brazil)
_xISSN 0020-3641
_g(1956), v. 3(1) p. 107-112
_wBR5400329
909 _a202311
_bLúcia
_c55
_dLúcia Elande
942 _2AGRIS
_n0
_cANA
999 _c88171
_d88171